000 00418nam a2200145 4500
999 _c780
_d780
008 191218b ||||| |||| 00| 0 eng d
082 0 0 _a621.436
_bW9471
100 _9305
_aWright, E.
245 1 0 _aDiesel Engines Fuels and Lubricants
_cby E Wright
260 _aLondon
_bConstable and Company
_c1950
300 _aviii, 152 p.
650 0 _aLubrication and lubricants
700 _9183
_aPurday, H. F. P.
942 _2ddc
_cBK